| Tag |
First Indicator |
Second Indicator |
Subfields |
| LEADER |
00000cam a2200000 i 4500 |
| 001 |
in00005772011 |
| 005 |
20260327174724.0 |
| 006 |
m o d |
| 007 |
cr ||||||||||| |
| 008 |
151203t20162016enka ob 001 0 eng d |
| 040 |
|
|
|a INARC
|b eng
|e rda
|c INARC
|d OCLCO
|d OCLCL
|d OCLCF
|d OCLCO
|d OCLCA
|d OCLCQ
|
| 020 |
|
|
|z 0124202489
|
| 020 |
|
|
|z 9780124202481
|
| 035 |
|
|
|a (OCoLC)1393058135
|
| 050 |
|
4 |
|a R859.7.A78
|b A76 2016
|
| 082 |
0 |
4 |
|a 362.20285/63
|2 23
|
| 049 |
|
|
|a TXAM
|
| 245 |
0 |
0 |
|a Artificial intelligence in behavioral and mental health care /
|c edited by David D. Luxton PhD., M.S., Department of Psychiatry and Behavioral Sciences, University of Washington School of Medicine, Seattle, WA, USA, and Naval Health Research Center, San Diego, CA, USA.
|
| 264 |
|
1 |
|a [London] :
|b Academic Press,
|c [2016]
|
| 264 |
|
4 |
|c ©2016
|
| 300 |
|
|
|a 1 online resource (xiv, 293 pages :
|b illustrations)
|
| 336 |
|
|
|a text
|b txt
|2 rdacontent
|
| 337 |
|
|
|a computer
|b c
|2 rdamedia
|
| 338 |
|
|
|a online resource
|b cr
|2 rdacarrier
|
| 504 |
|
|
|a Includes bibliographical references and index.
|
| 520 |
8 |
|
|a Summarizes recent advances in artificial intelligence as it applies to mental health clinical practice. This book will be of use to mental health practitioners interested in learning about or incorporating AI advances into their practice and for researchers interested in a comprehensive review of these advances in one source.
|
| 650 |
|
0 |
|a Artificial intelligence
|x Medical applications.
|
| 650 |
|
0 |
|a Artificial intelligence
|x Mental health.
|
| 650 |
|
0 |
|a Mental health.
|
| 650 |
|
0 |
|a Mental health
|x Social aspects.
|
| 650 |
|
6 |
|a Intelligence artificielle
|x Applications en médecine.
|
| 650 |
|
6 |
|a Intelligence artificielle
|x Santé mentale.
|
| 650 |
|
7 |
|a Artificial intelligence
|x Medical applications
|2 fast
|
| 650 |
|
7 |
|a Mental health
|2 fast
|
| 650 |
|
7 |
|a Mental health
|x Social aspects
|2 fast
|
| 655 |
|
7 |
|a Electronic books.
|2 local
|
| 700 |
1 |
|
|a Luxton, David D.,
|e editor.
|
| 710 |
2 |
|
|a ScienceDirect (Online service)
|
| 758 |
|
|
|i has work:
|a Artificial intelligence in behavioral and mental health care (Text)
|1 https://id.oclc.org/worldcat/entity/E39PCFwyCTBhRtvx6KrwGXjJym
|4 https://id.oclc.org/worldcat/ontology/hasWork
|
| 856 |
4 |
0 |
|u http://proxy.library.tamu.edu/login?url=https://www.sciencedirect.com/science/book/9780124202481
|z Connect to the full text of this electronic book
|t 0
|
| 936 |
|
|
|a BATCHLOAD
|
| 955 |
|
|
|a Elsevier ScienceDirect 2026-2027
|
| 994 |
|
|
|a 92
|b TXA
|
| 999 |
f |
f |
|i e48eed5c-c77b-47f2-b393-99d2429186e3
|s b102d4f4-0ac0-4850-94a4-a80a5cd0dff8
|t 0
|
| 952 |
f |
f |
|a Texas A&M University
|b College Station
|c Electronic Resources
|s www_evans
|d Available Online
|t 0
|e R859.7.A78 A76 2016
|h Library of Congress classification
|
| 998 |
f |
f |
|a R859.7.A78 A76 2016
|t 0
|l Available Online
|